Forein Direct Investment In Develop in Asia Trends Eherost Likely Issues For (Record no. 3172)
[ view plain ]
| 000 -LEADER | |
|---|---|
| fixed length control field | 00257nam a22000977a 4500 |
| 041 ## - LANGUAGE CODE | |
| Language code of text/sound track or separate title | ENG |
| 100 ## - MAIN ENTRY--PERSONAL NAME | |
| Personal name | Brooks D.H |
| 245 ## - TITLE STATEMENT | |
| Title | Forein Direct Investment In Develop in Asia Trends Eherost Likely Issues For |
| 260 ## - PUBLICATION, DISTRIBUTION, ETC. (IMPRINT) | |
| Place of publication, distribution, etc | Delhi |
| Name of publisher, distributor, etc | Asian Devlopar |
| Date of publication, distribution, etc | 2003 |
| 300 ## - PHYSICAL DESCRIPTION | |
| Extent | 44 |
| Withdrawn status | Lost status | Source of classification or shelving scheme | Damaged status | Not for loan | Home library | Current library | Shelving location | Date acquired | Total Checkouts | Barcode | Date last seen | Price effective from | Koha item type |
|---|---|---|---|---|---|---|---|---|---|---|---|---|---|
| Dewey Decimal Classification | College of Agricultural Engineering and Technology, Dapoli , Library | College of Agricultural Engineering and Technology, Dapoli , Library | Book Cart | 17/12/2021 | T00212 | 17/12/2021 | 17/12/2021 | Computer Files |